00861cam a2200241 a 450000500170000000800410001702000190005802000180007704000180009508200170011310000220013024501170015225000120026926000470028130000380032850400640036660000230043060000210045360000230047465000410049765000360053865100450057420170105102341.0110405s2011 dcuab b 001 0 eng  a9781597979825  a9781597979832 aDLCcDLCdDLC00a954.91052221 aFarwell, James P.14aThe Pakistan cauldron: conspiracy assassination & instability cJames P. Farwell ; foreword by Joseph D. Duffey. a1st ed. aWashington, D.C. :bPotomac Books,cc2011. axx, 331 p. :bill., map ;c24 cm. aIncludes bibliographical references (p. 319-322) and index.10aKhan, A. Q.d1936-10aBhutto, Benazir,10aMusharraf, Pervez. 0aCommunication in politicszPakistan. 0aPolitical leadershipzPakistan. 0aPakistanxPolitics and governmenty1988-